[Event "Masters Tournament (MTO)"]
[Site "Biel, CH"]
[Date "2025.07.24"]
[Round "10"]
[White "Aditya Varun Gampa"]
[Black "Wuebker, Paul-Luca"]
[Result "0-1"]
[Board "15"]
[WhiteFideId "45066183"]
[BlackFideId "12939528"]
[WhiteTitle "FM"]
[BlackTitle "CM"]
[WhiteElo "2187"]
[BlackElo "2250"]
[WhiteTeam "IND"]
[BlackTeam "GER"]
[WhiteClock "0:33:56"]
[BlackClock "0:54:56"]
[Variant "Standard"]

1. e4 {[%clk 1:31:22]}  c5 {[%clk 1:40:53]} 2. Nf3 {[%clk 1:31:25]}  d6 {[%clk 1:41:18]} 3. d4 {[%clk 1:31:47]}  cxd4 {[%clk 1:41:43]} 4. Nxd4 {[%clk 1:32:13]}  Nf6 {[%clk 1:42:06]} 5. Nc3 {[%clk 1:32:39]}  a6 {[%clk 1:39:36]} 6. Bc4 {[%clk 1:30:40]}  e6 {[%clk 1:39:00]} 7. Be3 {[%clk 1:31:01]}  Be7 {[%clk 1:37:49]} 8. Bb3 {[%clk 1:27:45]}  O-O {[%clk 1:37:12]} 9. g4 {[%clk 1:27:31]}  Nc6 {[%clk 1:34:43]} 10. g5 {[%clk 1:26:45]}  Nd7 {[%clk 1:34:20]} 11. h4 {[%clk 1:22:47]}  Nc5 {[%clk 1:19:50]} 12. Nxc6 {[%clk 1:11:07]}  bxc6 {[%clk 1:18:52]} 13. Bxc5 {[%clk 1:10:27]}  dxc5 {[%clk 1:15:29]} 14. Qxd8 {[%clk 1:02:50]}  Rxd8 {[%clk 1:06:17]} 15. Rd1 {[%clk 0:55:16]}  Rd4 {[%clk 1:05:25]} 16. f3 {[%clk 0:49:05]}  a5 {[%clk 1:01:37]} 17. Kf2 {[%clk 0:34:14]}  Ba6 {[%clk 1:06:16]} 18. Ne2 {[%clk 0:31:25]}  Rxd1 {[%clk 1:02:21]} 19. Rxd1 {[%clk 0:50:46]}  a4 {[%clk 1:02:36]} 20. Bxa4 {[%clk 0:47:53]}  Bxe2 {[%clk 0:57:48]} 21. Rd7 {[%clk 0:41:02]}  Rxa4 {[%clk 1:03:11]} 22. Kxe2 {[%clk 0:38:09]}  Kf8 {[%clk 1:00:11]} 23. Rc7 {[%clk 0:38:56]}  Ke8 {[%clk 1:00:02]} 24. a3 {[%clk 0:39:11]}  Ra6 {[%clk 1:00:25]} 25. Kd3 {[%clk 0:38:09]}  Bd8 {[%clk 0:59:48]} 26. Rb7 {[%clk 0:37:41]}  Rb6 {[%clk 1:00:45]} 27. Ra7 {[%clk 0:37:15]}  Rxb2 {[%clk 1:01:05]} 28. a4 {[%clk 0:33:59]}  c4+ {[%clk 0:57:42]} 29. Kc3 {[%clk 0:37:43]}  Ra2 {[%clk 0:58:05]} 30. f4 {[%clk 0:37:30]}  g6 {[%clk 0:57:49]} 31. e5 {[%clk 0:38:06]}  Bb6 {[%clk 0:57:21]} 32. Ra8+ {[%clk 0:37:39]}  Ke7 {[%clk 0:55:29]} 33. h5 {[%clk 0:34:08]}  gxh5 {[%clk 0:54:14]} 34. Rh8 {[%clk 0:34:49]}  Rxa4 {[%clk 0:54:37]} 35. Rxh7 {[%clk 0:35:12]}  Kf8 {[%clk 0:53:40]} 36. Rxh5 {[%clk 0:33:56]}  Kg7 {[%clk 0:54:56]} 0-1

[Event "Masters Tournament (MTO)"]
[Site "Biel, CH"]
[Date "2025.07.24"]
[Round "10"]
[White "Kueppers, Timo"]
[Black "Georgescu, Lena"]
[Result "1-0"]
[Board "16"]
[WhiteFideId "16205820"]
[BlackFideId "1331973"]
[WhiteTitle "FM"]
[BlackTitle "WGM"]
[WhiteElo "2292"]
[BlackElo "2185"]
[WhiteTeam "GER"]
[BlackTeam "SUI"]
[WhiteClock "0:11:53"]
[BlackClock "0:10:19"]
[Variant "Standard"]

1. e4 {[%clk 1:39:09]}  e5 {[%clk 1:40:56]} 2. Nf3 {[%clk 1:39:35]}  Nc6 {[%clk 1:41:22]} 3. d4 {[%clk 1:40:00]}  exd4 {[%clk 1:41:43]} 4. Nxd4 {[%clk 1:40:25]}  Bb4+ {[%clk 1:41:53]} 5. c3 {[%clk 1:40:49]}  Bc5 {[%clk 1:42:16]} 6. Be3 {[%clk 1:37:45]}  Bb6 {[%clk 1:41:47]} 7. Nd2 {[%clk 1:34:34]}  Nf6 {[%clk 1:38:46]} 8. Bb5 {[%clk 1:14:49]}  O-O {[%clk 1:36:20]} 9. O-O {[%clk 1:14:39]}  Nxd4 {[%clk 1:22:58]} 10. Bxd4 {[%clk 1:10:05]}  Bxd4 {[%clk 1:17:55]} 11. cxd4 {[%clk 1:10:29]}  d5 {[%clk 1:18:13]} 12. e5 {[%clk 1:10:43]}  Ne8 {[%clk 1:02:54]} 13. Bd3 {[%clk 1:08:27]}  g6 {[%clk 1:02:12]} 14. b4 {[%clk 1:02:02]}  Ng7 {[%clk 1:00:32]} 15. b5 {[%clk 1:01:32]}  f6 {[%clk 0:55:24]} 16. Rc1 {[%clk 0:59:26]}  fxe5 {[%clk 0:50:26]} 17. dxe5 {[%clk 0:59:51]}  Bf5 {[%clk 0:49:26]} 18. Nb3 {[%clk 0:57:05]}  Ne6 {[%clk 0:46:16]} 19. Re1 {[%clk 0:46:39]}  Qg5 {[%clk 0:32:31]} 20. Bxf5 {[%clk 0:38:12]}  Qxf5 {[%clk 0:33:50]} 21. f3 {[%clk 0:30:15]}  Nf4 {[%clk 0:28:18]} 22. Rxc7 {[%clk 0:27:37]}  Rae8 {[%clk 0:24:28]} 23. Qd4 {[%clk 0:19:20]}  Re6 {[%clk 0:16:44]} 24. Nc5 {[%clk 0:16:37]}  Nxg2 {[%clk 0:16:41]} 25. Kxg2 {[%clk 0:13:24]}  Qxf3+ {[%clk 0:16:58]} 26. Kg1 {[%clk 0:13:50]}  Rxe5 {[%clk 0:14:45]} 27. Rg7+ {[%clk 0:13:14]}  Kh8 {[%clk 0:10:19]} 28. Re7 {[%clk 0:11:53]} 1-0

[Event "Masters Tournament (MTO)"]
[Site "Biel, CH"]
[Date "2025.07.24"]
[Round "10"]
[White "Chen, Zhi"]
[Black "Erne, Raphael"]
[Result "1-0"]
[Board "17"]
[WhiteFideId "8619549"]
[BlackFideId "1341928"]
[WhiteElo "2246"]
[BlackElo "2164"]
[WhiteTeam "CHN"]
[BlackTeam "SUI"]
[WhiteClock "0:50:29"]
[BlackClock "0:03:49"]
[Variant "Standard"]

1. Nf3 {[%clk 1:40:56]}  d5 {[%clk 1:40:43]} 2. d4 {[%clk 1:41:14]}  Nf6 {[%clk 1:40:56]} 3. c4 {[%clk 1:40:55]}  c6 {[%clk 1:40:38]} 4. e3 {[%clk 1:40:31]}  Bf5 {[%clk 1:41:17]} 5. Nc3 {[%clk 1:42:08]}  e6 {[%clk 1:40:32]} 6. Nh4 {[%clk 1:41:18]}  Be4 {[%clk 1:41:43]} 7. Qb3 {[%clk 1:40:27]}  Qc7 {[%clk 1:41:43]} 8. f3 {[%clk 1:40:01]}  Bg6 {[%clk 1:42:03]} 9. Be2 {[%clk 1:38:35]}  Nbd7 {[%clk 1:38:04]} 10. Bd2 {[%clk 1:38:30]}  Be7 {[%clk 1:36:41]} 11. Nxg6 {[%clk 1:38:42]}  hxg6 {[%clk 1:36:54]} 12. f4 {[%clk 1:38:37]}  Rc8 {[%clk 1:30:07]} 13. O-O-O {[%clk 1:34:39]}  dxc4 {[%clk 1:29:29]} 14. Qxc4 {[%clk 1:34:15]}  b5 {[%clk 1:27:10]} 15. Qd3 {[%clk 1:32:37]}  a6 {[%clk 1:21:21]} 16. e4 {[%clk 1:31:17]}  c5 {[%clk 1:21:44]} 17. e5 {[%clk 1:16:54]}  cxd4 {[%clk 1:09:53]} 18. Qxd4 {[%clk 1:28:59]}  b4 {[%clk 0:57:32]} 19. exf6 {[%clk 1:28:57]}  bxc3 {[%clk 0:56:50]} 20. fxe7 {[%clk 1:27:11]}  cxd2+ {[%clk 0:54:11]} 21. Kxd2 {[%clk 1:21:40]}  Kxe7 {[%clk 0:47:13]} 22. Ke3 {[%clk 1:16:55]}  Rhd8 {[%clk 0:38:13]} 23. Bxa6 {[%clk 1:14:18]}  Nc5 {[%clk 0:36:48]} 24. Qb4 {[%clk 1:11:00]}  Rb8 {[%clk 0:34:40]} 25. Bb5 {[%clk 1:05:50]}  g5 {[%clk 0:29:54]} 26. a4 {[%clk 0:57:08]}  gxf4+ {[%clk 0:26:44]} 27. Qxf4 {[%clk 1:08:54]}  Qb6 {[%clk 0:17:09]} 28. Qb4 {[%clk 0:54:14]}  Rd6 {[%clk 0:09:03]} 29. Rxd6 {[%clk 0:50:44]}  Qxd6 {[%clk 0:19:29]} 30. Rc1 {[%clk 0:27:20]}  Rc8 {[%clk 0:19:20]} 31. Qh4+ {[%clk 0:32:24]}  f6 {[%clk 0:09:52]} 32. Qg3 {[%clk 0:32:22]}  Qxg3+ {[%clk 0:05:48]} 33. hxg3 {[%clk 0:32:49]}  Rc7 {[%clk 0:06:06]} 34. b4 {[%clk 0:29:37]}  Na6 {[%clk 0:06:32]} 35. Rb1 {[%clk 0:29:13]}  Ra7 {[%clk 0:04:50]} 36. Bxa6 {[%clk 0:27:51]}  Rxa6 {[%clk 0:05:16]} 37. a5 {[%clk 0:27:31]}  Kd6 {[%clk 0:04:36]} 38. Kd4 {[%clk 0:26:15]}  Ra8 {[%clk 0:03:59]} 39. Kc4 {[%clk 0:28:39]}  Kc7 {[%clk 0:03:04]} 40. Kb5 {[%clk 0:25:47]}  Rb8+ {[%clk 0:01:58]} 41. Kc5 {[%clk 0:27:27]}  Rd8 {[%clk 0:29:00]} 42. b5 {[%clk 0:56:58]}  Rd5+ {[%clk 0:27:41]} 43. Kc4 {[%clk 0:55:31]}  Kb7 {[%clk 0:26:07]} 44. Ra1 {[%clk 0:57:20]}  Rd7 {[%clk 0:22:14]} 45. Rh1 {[%clk 0:50:01]}  Rc7+ {[%clk 0:12:53]} 46. Kb4 {[%clk 0:52:50]}  Rd7 {[%clk 0:07:12]} 47. Rh8 {[%clk 0:50:52]}  Rd4+ {[%clk 0:08:56]} 48. Kc5 {[%clk 0:51:06]}  Rd5+ {[%clk 0:09:19]} 49. Kc4 {[%clk 0:51:32]}  Rd7 {[%clk 0:04:05]} 50. Re8 {[%clk 0:51:21]}  e5 {[%clk 0:04:21]} 51. Kb4 {[%clk 0:50:20]}  Rc7 {[%clk 0:03:49]} 52. a6+ {[%clk 0:50:29]} 1-0

[Event "Masters Tournament (MTO)"]
[Site "Biel, CH"]
[Date "2025.07.24"]
[Round "10"]
[White "Ho, Carter"]
[Black "Doraszelski, Alexander"]
[Result "1/2-1/2"]
[Board "18"]
[WhiteFideId "30965292"]
[BlackFideId "12996149"]
[WhiteTitle "CM"]
[WhiteElo "2208"]
[BlackElo "2154"]
[WhiteTeam "USA"]
[BlackTeam "GER"]
[WhiteClock "0:54:06"]
[BlackClock "0:12:36"]
[Variant "Standard"]

1. e4 {[%clk 1:40:52]}  c5 {[%clk 1:40:53]} 2. Nf3 {[%clk 1:41:15]}  d6 {[%clk 1:41:16]} 3. d4 {[%clk 1:41:33]}  cxd4 {[%clk 1:41:39]} 4. Nxd4 {[%clk 1:41:58]}  Nf6 {[%clk 1:42:02]} 5. Nc3 {[%clk 1:42:14]}  a6 {[%clk 1:42:25]} 6. Bd3 {[%clk 1:42:12]}  g6 {[%clk 1:42:45]} 7. f3 {[%clk 1:42:19]}  Nc6 {[%clk 1:42:53]} 8. Be3 {[%clk 1:42:35]}  Nxd4 {[%clk 1:42:59]} 9. Bxd4 {[%clk 1:43:01]}  e5 {[%clk 1:43:21]} 10. Bf2 {[%clk 1:42:43]}  Be6 {[%clk 1:43:39]} 11. O-O {[%clk 1:43:06]}  Be7 {[%clk 1:42:43]} 12. a4 {[%clk 1:42:52]}  O-O {[%clk 1:36:42]} 13. a5 {[%clk 1:42:13]}  d5 {[%clk 1:32:47]} 14. exd5 {[%clk 1:40:43]}  Nxd5 {[%clk 1:32:20]} 15. Nxd5 {[%clk 1:41:02]}  Qxd5 {[%clk 1:29:30]} 16. Qe2 {[%clk 1:28:46]}  Bc5 {[%clk 1:22:23]} 17. Be4 {[%clk 1:36:17]}  Bxf2+ {[%clk 1:13:40]} 18. Qxf2 {[%clk 1:36:39]}  Qb5 {[%clk 1:10:57]} 19. Qb6 {[%clk 1:31:38]}  Qxb6+ {[%clk 1:07:23]} 20. axb6 {[%clk 1:20:48]}  Rfd8 {[%clk 0:26:24]} 21. Bxb7 {[%clk 1:10:39]}  Rab8 {[%clk 0:35:22]} 22. Bxa6 {[%clk 1:10:52]}  Rxb6 {[%clk 0:35:38]} 23. b3 {[%clk 1:10:59]}  Bf5 {[%clk 0:35:01]} 24. Rfc1 {[%clk 0:55:08]}  Ra8 {[%clk 0:14:03]} 25. Bc4 {[%clk 1:02:51]}  Rxa1 {[%clk 0:14:28]} 26. Rxa1 {[%clk 1:03:13]}  Bxc2 {[%clk 0:11:27]} 27. Ra8+ {[%clk 0:54:46]}  Kg7 {[%clk 0:15:20]} 28. Ra7 {[%clk 0:55:02]}  Bxb3 {[%clk 0:14:01]} 29. Rxf7+ {[%clk 0:54:27]}  Kh8 {[%clk 0:13:59]} 30. Bxb3 {[%clk 0:54:42]}  Rxb3 {[%clk 0:14:27]} 31. Kf2 {[%clk 0:54:29]}  Rb2+ {[%clk 0:14:20]} 32. Kg3 {[%clk 0:54:49]}  Kg8 {[%clk 0:12:53]} 33. Re7 {[%clk 0:55:12]}  Re2 {[%clk 0:13:14]} 34. Kh3 {[%clk 0:54:17]}  h5 {[%clk 0:12:30]} 35. Kg3 {[%clk 0:53:35]}  Kf8 {[%clk 0:12:23]} 36. Rh7 {[%clk 0:53:42]}  Kg8 {[%clk 0:12:36]} 37. Re7 {[%clk 0:54:06]} 1/2-1/2

[Event "Masters Tournament (MTO)"]
[Site "Biel, CH"]
[Date "2025.07.24"]
[Round "10"]
[White "Shvedova, Alexandra"]
[Black "Yang, Ray"]
[Result "1-0"]
[Board "19"]
[WhiteFideId "54154782"]
[BlackFideId "3220281"]
[WhiteTitle "WFM"]
[BlackTitle "FM"]
[WhiteElo "2204"]
[BlackElo "2081"]
[WhiteTeam "ITA"]
[BlackTeam "AUS"]
[WhiteClock "0:21:20"]
[BlackClock "0:57:31"]
[Variant "Standard"]

1. e4 {[%clk 1:40:57]}  e6 {[%clk 1:36:48]} 2. d4 {[%clk 1:41:21]}  d5 {[%clk 1:37:13]} 3. Nc3 {[%clk 1:41:41]}  dxe4 {[%clk 1:37:27]} 4. Nxe4 {[%clk 1:42:05]}  Nd7 {[%clk 1:36:34]} 5. Nf3 {[%clk 1:41:57]}  Ngf6 {[%clk 1:35:57]} 6. Nxf6+ {[%clk 1:41:47]}  Nxf6 {[%clk 1:38:31]} 7. Bg5 {[%clk 1:42:06]}  c5 {[%clk 1:37:04]} 8. Bc4 {[%clk 1:41:41]}  cxd4 {[%clk 1:36:38]} 9. O-O {[%clk 1:38:52]}  Be7 {[%clk 1:36:17]} 10. Qe2 {[%clk 1:36:44]}  Nd5 {[%clk 1:18:05]} 11. Bxe7 {[%clk 1:36:19]}  Nxe7 {[%clk 1:17:45]} 12. Rad1 {[%clk 1:35:31]}  O-O {[%clk 1:13:28]} 13. Rxd4 {[%clk 1:20:26]}  Qc7 {[%clk 1:08:06]} 14. Rfd1 {[%clk 1:19:31]}  Ng6 {[%clk 0:54:23]} 15. Bd3 {[%clk 1:10:01]}  Nf4 {[%clk 0:52:00]} 16. Qe4 {[%clk 1:09:43]}  Nxd3 {[%clk 0:51:33]} 17. Qxd3 {[%clk 1:08:33]}  e5 {[%clk 0:27:19]} 18. Rc4 {[%clk 1:06:42]}  Qe7 {[%clk 0:26:41]} 19. Qc3 {[%clk 1:03:03]}  f6 {[%clk 0:23:45]} 20. Rc7 {[%clk 1:01:19]}  Qe6 {[%clk 0:20:22]} 21. Qb4 {[%clk 0:58:30]}  Re8 {[%clk 0:17:25]} 22. Rd6 {[%clk 0:56:51]}  Qxa2 {[%clk 0:14:21]} 23. h3 {[%clk 0:52:25]}  b6 {[%clk 0:12:12]} 24. b3 {[%clk 0:47:58]}  Qa1+ {[%clk 0:10:44]} 25. Kh2 {[%clk 0:43:31]}  Qf1 {[%clk 0:08:41]} 26. Qe4 {[%clk 0:40:04]}  Bxh3 {[%clk 0:07:42]} 27. Kxh3 {[%clk 0:36:22]}  Qh1+ {[%clk 0:07:15]} 28. Nh2 {[%clk 0:36:16]}  Qc1 {[%clk 0:05:20]} 29. Rxg7+ {[%clk 0:35:45]}  Kxg7 {[%clk 0:57:45]} 30. Rd7+ {[%clk 0:35:25]}  Kf8 {[%clk 0:57:31]} 31. Qxh7 {[%clk 0:21:20]} 1-0

[Event "Masters Tournament (MTO)"]
[Site "Biel, CH"]
[Date "2025.07.24"]
[Round "10"]
[White "Vemparala, Nikash"]
[Black "Talwalkar, Vedant"]
[Result "1-0"]
[Board "20"]
[WhiteFideId "30960967"]
[BlackFideId "30962498"]
[WhiteTitle "CM"]
[BlackTitle "FM"]
[WhiteElo "2187"]
[BlackElo "2014"]
[WhiteTeam "USA"]
[BlackTeam "USA"]
[WhiteClock "0:07:08"]
[BlackClock "0:04:33"]
[Variant "Standard"]

1. c4 {[%clk 1:35:44]}  f5 {[%clk 1:40:55]} 2. g3 {[%clk 1:35:58]}  Nf6 {[%clk 1:41:19]} 3. Bg2 {[%clk 1:36:24]}  e6 {[%clk 1:41:41]} 4. Nc3 {[%clk 1:35:40]}  Be7 {[%clk 1:36:31]} 5. Nf3 {[%clk 1:30:55]}  O-O {[%clk 1:42:18]} 6. O-O {[%clk 1:31:17]}  d6 {[%clk 1:42:24]} 7. d4 {[%clk 1:28:55]}  Ne4 {[%clk 1:42:30]} 8. Qc2 {[%clk 1:28:49]}  Nxc3 {[%clk 1:38:48]} 9. Qxc3 {[%clk 1:24:35]}  Nc6 {[%clk 1:41:00]} 10. Rd1 {[%clk 1:20:41]}  Bf6 {[%clk 1:40:26]} 11. Qc2 {[%clk 1:02:42]}  Qe8 {[%clk 1:25:47]} 12. d5 {[%clk 0:59:10]}  Nb4 {[%clk 1:21:35]} 13. Qd2 {[%clk 1:02:07]}  a5 {[%clk 1:15:18]} 14. a3 {[%clk 0:56:32]}  Na6 {[%clk 1:06:18]} 15. Qxa5 {[%clk 0:54:31]}  exd5 {[%clk 1:03:38]} 16. cxd5 {[%clk 0:45:19]}  Qxe2 {[%clk 1:15:15]} 17. Be3 {[%clk 0:30:00]}  Bd7 {[%clk 1:00:05]} 18. Nd4 {[%clk 0:28:34]}  Qh5 {[%clk 0:58:17]} 19. Ne6 {[%clk 0:18:38]}  Rfe8 {[%clk 0:56:08]} 20. Qd2 {[%clk 0:11:54]}  Bxe6 {[%clk 0:44:17]} 21. dxe6 {[%clk 0:21:54]}  c6 {[%clk 0:36:21]} 22. Rac1 {[%clk 0:18:13]}  d5 {[%clk 0:41:09]} 23. b4 {[%clk 0:14:46]}  Nc7 {[%clk 0:38:54]} 24. Bb6 {[%clk 0:13:38]}  Nxe6 {[%clk 0:36:57]} 25. b5 {[%clk 0:13:56]}  Rac8 {[%clk 0:35:11]} 26. bxc6 {[%clk 0:13:45]}  bxc6 {[%clk 0:36:19]} 27. Qa2 {[%clk 0:10:23]}  f4 {[%clk 0:31:09]} 28. Rd3 {[%clk 0:08:40]}  Kh8 {[%clk 0:30:21]} 29. a4 {[%clk 0:09:49]}  fxg3 {[%clk 0:28:28]} 30. hxg3 {[%clk 0:05:21]}  Nf8 {[%clk 0:15:25]} 31. a5 {[%clk 0:08:02]}  Nd7 {[%clk 0:15:46]} 32. Qc2 {[%clk 0:06:31]}  Qf5 {[%clk 0:12:01]} 33. Rd2 {[%clk 0:02:32]}  Qg4 {[%clk 0:06:52]} 34. Rd3 {[%clk 0:05:43]}  Ne5 {[%clk 0:06:39]} 35. Rd4 {[%clk 0:05:40]}  Nf3+ {[%clk 0:05:34]} 36. Bxf3 {[%clk 0:06:05]}  Qxf3 {[%clk 0:05:59]} 37. Rd3 {[%clk 0:05:03]}  Qf5 {[%clk 0:04:05]} 38. Rc3 {[%clk 0:02:50]}  Qxc2 {[%clk 0:01:55]} 39. R3xc2 {[%clk 0:02:29]}  Ra8 {[%clk 0:01:30]} 40. Rxc6 {[%clk 0:07:07]}  h6 {[%clk 0:02:10]} 41. Rd6 {[%clk 0:06:13]}  d4 {[%clk 0:02:29]} 42. Ra1 {[%clk 0:05:08]}  Ra6 {[%clk 0:02:20]} 43. Rd7 {[%clk 0:03:22]}  Rea8 {[%clk 0:02:11]} 44. Rd1 {[%clk 0:03:07]}  Rxa5 {[%clk 0:01:14]} 45. Bxa5 {[%clk 0:03:23]}  Rxa5 {[%clk 0:02:12]} 46. Kg2 {[%clk 0:03:41]}  Ra6 {[%clk 0:02:32]} 47. Rd3 {[%clk 0:04:02]}  Kh7 {[%clk 0:02:53]} 48. Kf3 {[%clk 0:04:27]}  Kg6 {[%clk 0:03:14]} 49. g4 {[%clk 0:04:35]}  Re6 {[%clk 0:03:04]} 50. Kg3 {[%clk 0:04:47]}  Ra6 {[%clk 0:03:29]} 51. f4 {[%clk 0:05:13]}  Rb6 {[%clk 0:03:28]} 52. Kf3 {[%clk 0:05:18]}  Ra6 {[%clk 0:03:29]} 53. Ke4 {[%clk 0:05:21]}  Rb6 {[%clk 0:03:43]} 54. Kd5 {[%clk 0:05:18]}  Ra6 {[%clk 0:04:06]} 55. Rd6 {[%clk 0:05:36]}  Rxd6+ {[%clk 0:03:23]} 56. Kxd6 {[%clk 0:06:01]}  Kf7 {[%clk 0:03:46]} 57. Rb3 {[%clk 0:05:59]}  Be7+ {[%clk 0:03:56]} 58. Kd5 {[%clk 0:06:22]}  Bf6 {[%clk 0:04:23]} 59. Rb7+ {[%clk 0:06:46]}  Ke8 {[%clk 0:03:01]} 60. Ke6 {[%clk 0:06:59]}  Kd8 {[%clk 0:03:23]} 61. Rd7+ {[%clk 0:07:20]}  Ke8 {[%clk 0:02:00]} 62. Rd5 {[%clk 0:05:48]}  Kf8 {[%clk 0:00:55]} 63. g5 {[%clk 0:05:13]}  hxg5 {[%clk 0:01:51]} 64. fxg5 {[%clk 0:05:39]}  Be7 {[%clk 0:02:15]} 65. Kf5 {[%clk 0:05:50]}  Kf7 {[%clk 0:02:24]} 66. g6+ {[%clk 0:05:01]}  Ke8 {[%clk 0:02:50]} 67. Rxd4 {[%clk 0:05:27]}  Bf6 {[%clk 0:03:15]} 68. Ra4 {[%clk 0:05:41]}  Kd7 {[%clk 0:03:31]} 69. Ra7+ {[%clk 0:06:04]}  Kd6 {[%clk 0:03:55]} 70. Ra6+ {[%clk 0:06:30]}  Ke7 {[%clk 0:04:16]} 71. Re6+ {[%clk 0:06:56]}  Kf8 {[%clk 0:04:33]} 72. Rxf6+ {[%clk 0:07:08]} 1-0

[Event "Masters Tournament (MTO)"]
[Site "Biel, CH"]
[Date "2025.07.24"]
[Round "10"]
[White "Snodgrass, Benjamin"]
[Black "Yash Abhijit Patil"]
[Result "0-1"]
[Board "21"]
[WhiteFideId "30915422"]
[BlackFideId "25602110"]
[WhiteElo "1964"]
[BlackElo "2186"]
[WhiteTeam "USA"]
[BlackTeam "IND"]
[WhiteClock "0:12:09"]
[BlackClock "0:58:36"]
[Variant "Standard"]

1. e4 {[%clk 1:40:04]}  e6 {[%clk 1:40:23]} 2. d4 {[%clk 1:40:26]}  d5 {[%clk 1:40:36]} 3. e5 {[%clk 1:40:29]}  c5 {[%clk 1:39:19]} 4. c3 {[%clk 1:40:43]}  Nc6 {[%clk 1:39:24]} 5. Nf3 {[%clk 1:41:07]}  Bd7 {[%clk 1:39:00]} 6. Be2 {[%clk 1:41:04]}  Nge7 {[%clk 1:38:11]} 7. O-O {[%clk 1:40:10]}  Ng6 {[%clk 1:37:02]} 8. Na3 {[%clk 1:29:44]}  cxd4 {[%clk 1:33:09]} 9. cxd4 {[%clk 1:30:04]}  Be7 {[%clk 1:33:19]} 10. g3 {[%clk 1:20:31]}  O-O {[%clk 1:30:45]} 11. h4 {[%clk 1:13:33]}  f6 {[%clk 1:26:27]} 12. h5 {[%clk 1:11:43]}  Nh8 {[%clk 1:26:48]} 13. Re1 {[%clk 0:59:49]}  Qb6 {[%clk 1:22:44]} 14. exf6 {[%clk 0:47:34]}  Bxf6 {[%clk 1:23:02]} 15. Nc2 {[%clk 0:47:39]}  Nf7 {[%clk 1:22:28]} 16. Bf4 {[%clk 0:46:42]}  Rae8 {[%clk 1:21:46]} 17. a4 {[%clk 0:40:48]}  a6 {[%clk 1:13:29]} 18. Bf1 {[%clk 0:36:31]}  Kh8 {[%clk 1:12:41]} 19. Bh3 {[%clk 0:31:37]}  Bc8 {[%clk 1:12:48]} 20. Rb1 {[%clk 0:24:31]}  e5 {[%clk 1:09:26]} 21. dxe5 {[%clk 0:24:57]}  Nfxe5 {[%clk 1:07:44]} 22. Nxe5 {[%clk 0:21:59]}  Bxe5 {[%clk 1:07:40]} 23. a5 {[%clk 0:19:44]}  Qc7 {[%clk 1:05:22]} 24. Bxc8 {[%clk 0:19:46]}  Qxc8 {[%clk 1:05:04]} 25. Bxe5 {[%clk 0:16:52]}  Nxe5 {[%clk 1:05:27]} 26. Nd4 {[%clk 0:13:53]}  Qh3 {[%clk 1:05:24]} 27. Qe2 {[%clk 0:12:09]}  Ng4 {[%clk 0:58:36]} 0-1

[Event "Masters Tournament (MTO)"]
[Site "Biel, CH"]
[Date "2025.07.24"]
[Round "10"]
[White "Chen, Muxi"]
[Black "Zhang, Haoxuan"]
[Result "0-1"]
[Board "22"]
[WhiteFideId "8626073"]
[BlackFideId "8641552"]
[WhiteElo "2224"]
[BlackElo "1979"]
[WhiteTeam "CHN"]
[BlackTeam "CHN"]
[WhiteClock "0:07:20"]
[BlackClock "0:00:09"]
[Variant "Standard"]

1. e4 {[%clk 1:40:53]}  c5 {[%clk 1:40:48]} 2. Nf3 {[%clk 1:41:17]}  e6 {[%clk 1:41:07]} 3. d4 {[%clk 1:41:38]}  cxd4 {[%clk 1:41:28]} 4. Nxd4 {[%clk 1:42:04]}  Nc6 {[%clk 1:41:49]} 5. a3 {[%clk 1:42:20]}  a6 {[%clk 1:41:55]} 6. Be3 {[%clk 1:40:51]}  Qc7 {[%clk 1:41:37]} 7. c4 {[%clk 1:40:24]}  Nf6 {[%clk 1:39:20]} 8. Nc3 {[%clk 1:40:47]}  Be7 {[%clk 1:36:39]} 9. Be2 {[%clk 1:38:50]}  d6 {[%clk 1:35:05]} 10. O-O {[%clk 1:37:45]}  O-O {[%clk 1:29:10]} 11. Rc1 {[%clk 1:36:22]}  Nxd4 {[%clk 1:27:47]} 12. Qxd4 {[%clk 1:35:39]}  Nd7 {[%clk 1:24:52]} 13. b4 {[%clk 1:34:01]}  b6 {[%clk 1:18:48]} 14. Rfd1 {[%clk 1:29:19]}  Bb7 {[%clk 1:13:50]} 15. Na4 {[%clk 1:10:45]}  Rad8 {[%clk 1:13:14]} 16. f3 {[%clk 1:04:31]}  h6 {[%clk 1:08:13]} 17. Bf1 {[%clk 1:01:15]}  Bc6 {[%clk 0:52:50]} 18. Nc3 {[%clk 0:56:08]}  Bb7 {[%clk 0:52:18]} 19. Qd2 {[%clk 0:46:03]}  Ba8 {[%clk 0:44:53]} 20. Qf2 {[%clk 0:43:57]}  Rb8 {[%clk 0:40:39]} 21. Kh1 {[%clk 0:34:54]}  Kh8 {[%clk 0:33:53]} 22. Qg3 {[%clk 0:32:25]}  Qc8 {[%clk 0:23:29]} 23. Bf4 {[%clk 0:30:02]}  e5 {[%clk 0:23:53]} 24. Be3 {[%clk 0:30:16]}  Nf6 {[%clk 0:23:11]} 25. Qf2 {[%clk 0:25:59]}  Qc6 {[%clk 0:22:51]} 26. b5 {[%clk 0:24:07]}  axb5 {[%clk 0:21:52]} 27. cxb5 {[%clk 0:24:22]}  Qb7 {[%clk 0:22:06]} 28. Bc4 {[%clk 0:22:19]}  Qa7 {[%clk 0:20:55]} 29. a4 {[%clk 0:20:56]}  Kg8 {[%clk 0:18:22]} 30. Qb2 {[%clk 0:16:55]}  Qd7 {[%clk 0:15:41]} 31. Qb3 {[%clk 0:14:50]}  g5 {[%clk 0:13:45]} 32. Rd2 {[%clk 0:09:23]}  Kg7 {[%clk 0:13:18]} 33. Ne2 {[%clk 0:06:02]}  d5 {[%clk 0:12:43]} 34. exd5 {[%clk 0:04:55]}  Ne8 {[%clk 0:13:08]} 35. Qb2 {[%clk 0:04:05]}  f6 {[%clk 0:12:29]} 36. Ng3 {[%clk 0:03:48]}  Nd6 {[%clk 0:12:53]} 37. Bd3 {[%clk 0:03:21]}  Kh8 {[%clk 0:10:37]} 38. Be4 {[%clk 0:01:03]}  Kg8 {[%clk 0:08:25]} 39. Rdc2 {[%clk 0:00:56]}  Bd8 {[%clk 0:08:41]} 40. Bd3 {[%clk 0:00:35]}  Bxd5 {[%clk 0:07:49]} 41. Rd2 {[%clk 0:28:49]}  Qe6 {[%clk 0:28:14]} 42. Rcd1 {[%clk 0:26:57]}  Be7 {[%clk 0:25:46]} 43. Bf5 {[%clk 0:23:40]}  Nxf5 {[%clk 0:26:00]} 44. Nxf5 {[%clk 0:24:05]}  Qxf5 {[%clk 0:26:25]} 45. Rxd5 {[%clk 0:24:30]}  Rfc8 {[%clk 0:26:26]} 46. Qb3 {[%clk 0:21:14]}  Kf8 {[%clk 0:26:24]} 47. a5 {[%clk 0:18:14]}  bxa5 {[%clk 0:25:05]} 48. b6 {[%clk 0:18:29]}  a4 {[%clk 0:20:13]} 49. Qxa4 {[%clk 0:18:05]}  Qe6 {[%clk 0:17:49]} 50. Qe4 {[%clk 0:15:59]}  Kg7 {[%clk 0:17:22]} 51. Rd7 {[%clk 0:14:48]}  f5 {[%clk 0:13:01]} 52. Qb4 {[%clk 0:14:03]}  Kf8 {[%clk 0:13:15]} 53. Qa4 {[%clk 0:09:34]}  f4 {[%clk 0:06:45]} 54. Bg1 {[%clk 0:08:33]}  Rc3 {[%clk 0:02:07]} 55. b7 {[%clk 0:07:14]}  Ra3 {[%clk 0:01:51]} 56. Qc2 {[%clk 0:07:20]}  Ke8 {[%clk 0:00:09]} 0-1